000 00633nam a2200229Ia 4500
003 GCL
008 140319s9999 xx 000 0 eng d
020 _a9774246624
040 _aGCL /
_cGCL
082 0 4 _aCC
_b932
_bF E
100 1 _aFAGAN, BRIAN
245 1 0 _aJOURNEY THROUGH AN ANCIENT LAND :
_bEGYPT OF THE PHARAOHS /
_cFAGAN, BRIAN
700 1 _aGARRETT, KENNETH
260 _aنيويورك :
_bNATIONAL GEOGRAPHIC SOCIETY ،
_c2001
300 _a32 CM ؛
_c288 P
650 0 4 _aANCIENT EGYPT
650 0 4 _aPYRAMIDS
650 0 4 _aPHARAOHS
650 0 4 _aEGYPT - HISTORY
650 0 4 _aMUMMIES - EGYPT
942 _2ddc
_cBK
999 _c7450
_d7450